Zbierka príkladov zo stochastických modelov

Uložené v:
Podrobná bibliografia
Hlavný autor: Čemická, Katarína
Korporativný autor: Vysoká škola ekonomická v Bratislave. Fakulta riadenia
Médium: Kniha
Jazyk:Slovak
Vydavateľské údaje: Bratislava Vysoká škola ekonomická 1987
Vydanie:1. vyd.
Tagy: Pridať tag
Žiadne tagy, Buďte prvý, kto otaguje tento záznam!

MARC

LEADER 00000nam a2200000 4500
001 c033222
005 20221219095507.0
041 0 |a slo 
044 |a SK 
245 1 0 |a Zbierka príkladov zo stochastických modelov  |c Katarína Čemická 
250 |a 1. vyd. 
264 1 |a Bratislava  |b Vysoká škola ekonomická  |c 1987 
300 |a 199 s. 
100 1 |a Čemická, Katarína 
710 2 |a Vysoká škola ekonomická v Bratislave. Fakulta riadenia